| 000 | 00809 a2200217 4500 | ||
|---|---|---|---|
| 003 | Nust | ||
| 005 | 20230713112643.0 | ||
| 008 | 230713b ||||| |||| 00| 0 eng d | ||
| 010 | _a 87036435 | ||
| 020 | _a0201066734 : | ||
| 040 | _cNust | ||
| 082 | 0 | 0 | _a519.4,SED |
| 100 | 1 |
_aSedgewick, Robert, _956482 |
|
| 245 | 1 | 0 |
_aAlgorithms / _cRobert Sedgewick. |
| 250 | _a2nd ed. | ||
| 260 |
_aReading, Mass. : _bAddison-Wesley, _cc1988. |
||
| 300 |
_axii, 657 p. : _bill. ; _c24 cm. |
||
| 505 | _aFundamentals (Page-1), Sorting Algorithms (Page-93), Searching Algorithms (Page-193), String Processing (Page-277), Geometric Algorithms (Page-347), Graph Algorithms (Page-415), Mathematical Algorithms (Page-509), Advanced Topics (Page-569). | ||
| 650 | 0 | _aComputer algorithms. | |
| 942 |
_2ddc _cBK _k519.4,SED |
||
| 999 |
_c178845 _d178845 |
||